000 00269nam a22001217a 4500
008 181224b xxu||||| |||| 00| 0 eng d
041 _aeng
080 _a701
100 _a44
101 _aART
245 _aThe Harper History of Paitning
_cRobb,D.M
942 _2udc
_cBK
999 _c53741
_d53741